[Event "Eu Team Ch"]
[Site "Batumi GEO"]
[Date "1999.12.07"]
[Round "9"]
[White "Comas Fabrego,L"]
[Black "Manik,M"]
[Result "1/2-1/2"]
[WhiteElo "2510"]
[BlackElo "2447"]

1.d4 Nf6 2.Bg5 c5 3.Bxf6 gxf6 4.d5 Qb6 5.Qc1 Bg7 6.c4 Qb4+ 7.Nd2 f5 8.Rb1 d6
9.a3 Qa5 10.e3 Nd7 11.Ne2 b5 12.Nf4 bxc4 13.Bxc4 Nb6 14.O-O O-O 15.Nh5 Bh6
16.b4 cxb4 17.axb4 Qa4 18.Qc3 Bb7 19.Ra1 Qe8 20.Qd3 Nxc4 21.Nxc4 Qb5 22.Ra5 Qd7
23.Nd2 Bg7 24.e4 Bh6 25.exf5 f6 26.Nf3 Kh8 27.Nd4 Rg8 28.Ne6 a6 29.Ng3 Rab8
30.Ne4 Bc8 31.Rb1 Qe8 32.Qh3 Bxe6 33.fxe6 Qg6 34.Qf3 Rgc8  1/2-1/2

[Event "Cairnhill Open"]
[Site "Singapore SIN"]
[Date "1999.12.11"]
[Round "4"]
[White "Tu Hoang Thai"]
[Black "Kek Wei Chuan"]
[Result "1-0"]
[WhiteElo "2269"]
[BlackElo "2115"]

1.d4 Nf6 2.Bg5 d5 3.Nd2 g6 4.e3 Bg7 5.c4 c6 6.Bd3 O-O 7.Ngf3 Bg4 8.Qb3 Bxf3
9.Nxf3 Qa5+ 10.Qc3 Qxc3+ 11.bxc3 Nbd7 12.Rb1 dxc4 13.Bxc4 b5 14.Bd3 Rfe8
15.O-O e5 16.Nd2 Nd5 17.Rfc1 h6 18.Bh4 f5 19.Bc2 Kh8 20.Rb3 N7b6 21.e4 Nf4
22.Kf1 exd4 23.cxd4 Bxd4 24.Bg3 Nh5 25.exf5 Nxg3+ 26.Rxg3 g5 27.Nf3 Bb2 28.Rd1 Nd5
29.h4 gxh4 30.Rg6 Bg7 31.Bb3 Ne7 32.Re6 Nxf5 33.Rxc6 Red8 34.Rxd8+ Rxd8 35.Bc2 Ne7
36.Ra6 Rd7 37.Nxh4 Rc7 38.Bb3 Kh7 39.g3 Bd4 40.Re6 a5 41.Kg2 a4 42.Bd1 Ra7
43.Nf3 Bc3 44.Be2 b4 45.Bc4 Rc7 46.Be2 b3 47.axb3 a3 48.Ra6 Bb2  1-0

[Event "Open"]
[Site "Zadar CRO"]
[Date "1999.12.15"]
[Round "4"]
[White "Draganic,S"]
[Black "Popovic,I"]
[Result "0-1"]
[WhiteElo "2183"]
[BlackElo "2206"]

1.d4 Nf6 2.Bg5 c5 3.d5 Qb6 4.Bxf6 Qxf6 5.Nc3 g6 6.e4 a6 7.a4 Qb6 8.Qc1 Bg7
9.a5 Qc7 10.Qd2 d6 11.f4 O-O 12.g3 b5 13.axb6 Qxb6 14.Ra2 Nd7 15.Nf3 Qb4
16.Bd3 c4 17.Be2 Nc5 18.O-O Bh3 19.Re1 Bg4 20.Kg2 Rfc8 21.h3 Bd7 22.Qe3 a5
23.Nd4 a4 24.Rea1 Nb3 25.cxb3 cxb3 26.Nxb3 Bxc3 27.bxc3 Rxc3 28.Qd4 Qxb3
29.Bd1 Rxg3+ 30.Kf2 Rd3 31.Bxb3 Rxd4 32.Ke3 Rb4 33.Ra3 Bxh3 34.Bxa4 Kg7 35.Bc2 Rxa3+
36.Rxa3 Rb7 37.Kd4 Bg4 38.e5 h5 39.exd6 exd6 40.Ra6 Rd7 41.Be4 f6 42.Bd3 Bf3
43.Ra3 Bg4 44.Ra6 h4 45.Ra1 Kh6 46.Rg1 f5 47.Rh1 g5 48.Re1 gxf4 49.Bb5 Rd8
50.Re6+ Kg5 51.Be8 h3  0-1

[Event "Vikings GMB"]
[Site "York ENG"]
[Date "1999.12.19"]
[Round "7"]
[White "Quinn,M"]
[Black "Lamb,H"]
[Result "1/2-1/2"]
[WhiteElo "2377"]
[BlackElo "2173"]

1.d4 Nf6 2.Bg5 g6 3.Bxf6 exf6 4.h4 h5 5.e3 Bg7 6.Nh3 d6 7.Nf4 Nd7 8.c3 Nb6
9.Bd3 f5 10.Nd2 Qe7 11.Qb3 Be6 12.Nxe6 fxe6 13.a4 c6 14.Rh3 d5 15.Rg3 Kf7
16.Nf3 Bf6 17.a5 Nc8 18.Ne5+ Bxe5 19.dxe5 Rb8 20.Rg5 Qc7 21.f4 Ne7 22.Qc2 b5
23.axb6  1/2-1/2

[Event "Vikings Masters"]
[Site "York ENG"]
[Date "1999.12.19"]
[Round "7"]
[White "Bree,T"]
[Black "Neiman,E"]
[Result "0-1"]
[WhiteElo "2272"]
[BlackElo "2353"]

1.d4 Nf6 2.Bg5 c5 3.Bxf6 gxf6 4.d5 Qb6 5.Qc1 Bh6 6.e3 f5 7.c4 d6 8.Nc3 Nd7
9.g3 Ne5 10.f4 Ng4 11.h3 Nf6 12.Bd3 Bg7 13.Rh2 Bd7 14.Qc2 e6 15.O-O-O O-O-O
16.Rhd2 a6 17.Nf3 h6 18.Nh4 Kb8 19.dxe6 fxe6 20.Be2 Be8 21.Bf3 h5 22.Bg2 Bf7
23.Nf3 Rhe8 24.Ng5 Bg6 25.Na4 Qc7 26.Rd3 Re7 27.Rb3 Qa5 28.Nxe6 Rde8 29.Nxg7 Rxg7
30.Rxd6 Ne4 31.Bxe4 Rxe4 32.Qc3 Qxc3+ 33.Rxc3 Kc7 34.Rd5 b6 35.b3 Be8 36.Rxf5 Rxg3  0-1

[Event "Open"]
[Site "Zadar CRO"]
[Date "1999.12.19"]
[Round "9"]
[White "Draganic,S"]
[Black "Fucak,E"]
[Result "0-1"]
[WhiteElo "2183"]
[BlackElo "2303"]

1.d4 Nf6 2.Bg5 c5 3.Bxf6 gxf6 4.b3 Qc7 5.e3 b6 6.Be2 Bb7 7.Bf3 Nc6 8.Nd2 e6
9.Ne4 cxd4 10.exd4 Bg7 11.d5 Nd8 12.dxe6 fxe6 13.Qd6 Rc8 14.Bh5+ Nf7 15.Qxc7 Rxc7
16.Nd6+ Ke7 17.Nxf7 Bxg2 18.Nxh8 Bxh1 19.f3 Rc4 20.Ne2 Rh4 21.Ng3 Rxh2 22.O-O-O Bg2
23.Nf7 Rh3 24.Nd6 Rxg3 25.Nc8+ Kd8 26.Nxa7 Rg5 27.Rg1 Bh6  0-1

[Event "WGM"]
[Site "Groningen NED"]
[Date "1999.12.27"]
[Round "7"]
[White "Stefanova,A"]
[Black "Kovalevskaya,E"]
[Result "1/2-1/2"]
[WhiteElo "2444"]
[BlackElo "2497"]

1.d4 Nf6 2.Bg5 d5 3.e3 c6 4.Bd3 Bg4 5.f3 Bh5 6.c3 Nbd7 7.Qb3 Qb6 8.Bf4 Bg6
9.Bxg6 hxg6 10.g4 Qa6 11.Nd2 e5 12.Bg3 Bd6 13.c4 Bb8 14.Ne2 exd4 15.exd4 Bxg3+
16.Nxg3 O-O-O 17.O-O-O Nf8 18.c5 Ne6 19.Nb1 Rde8 20.Na3 Rh3 21.Qc3 Nf4 22.Kb1 Ne2
23.Qd2 Nxg3 24.hxg3 Re2 25.Qf4 Rxh1 26.Rxh1 Qd3+ 27.Ka1 Ne8 28.g5 Qd2 29.Qxd2 Rxd2
30.Rh4 Kd8 31.Kb1 Rg2 32.Rg4 Nc7 33.Kc1 Ne6 34.Nc2 Rf2 35.f4 Rg2 36.b4 Ke7
37.a4 Re2 38.Rh4 Re4 39.Rh8 Nxd4 40.Rb8 Ne2+ 41.Kd2 Nxg3 42.Rxb7+ Kd8 43.Rxf7 Rc4
44.Kd3 Ne4 45.Nd4 Nf2+ 46.Ke3 Nd1+ 47.Kd3 Nb2+  1/2-1/2

[Event "Belgian Interteams 1999-2000"]
[Site "Antwerp BEL"]
[Date "1999.12.??"]
[Round "6"]
[White "Plumanns,D"]
[Black "Aglave,A"]
[Result "1-0"]
[WhiteElo "2209"]
[BlackElo "2060"]

1.d4 Nf6 2.Bg5 d5 3.Nf3 e6 4.e3 Be7 5.Bd3 b6 6.O-O Bb7 7.Ne5 h6 8.Bxf6 Bxf6
9.f4 c5 10.c3 Nc6 11.Nd2 Rc8 12.Qe2 O-O 13.Rf3 Bxe5 14.fxe5 f5 15.Raf1 Rc7
16.g4 g6 17.Qg2 Rg7 18.Rg3 Ne7 19.gxf5 exf5 20.Qh3 h5 21.Nf3 Bc8 22.Qg2 Be6
23.Nh4 Kh8 24.Rg5 Qe8 25.Be2 Rfg8 26.Kh1 Kh7 27.Rg1 Qf7 28.Bf3 f4 29.e4 cxd4
30.cxd4 Kh6 31.Qe2 dxe4 32.Bxe4 Bd5 33.Nf3 Bxe4 34.Qxe4 Qxa2 35.Qxf4 Kh7
36.Qe4 Kh6 37.e6 Qxb2 38.Ne5 Qf2 39.d5 Nf5 40.Nf7+ Kh7 41.d6 Nh4 42.Rxh5+  1-0

[Event "Agneaux St Lo op"]
[Site "Agneaux"]
[Date "1999.??.??"]
[Round "5"]
[White "Meszaros, Gyula"]
[Black "Tchabradze, Boris"]
[Result "1-0"]
[WhiteElo "2310"]
[BlackElo "1930"]

1.d4 Nf6 2.Bg5 c5 3.Nc3 cxd4 4.Qxd4 Nc6 5.Qh4 e6 6.e4 Be7 7.O-O-O d6 8.f4 e5
9.Nf3 Qa5 10.Bc4 O-O 11.Nd5 Qc5 12.fxe5 Qxc4 13.Bxf6 Kh8 14.Ng5 h6 15.Qxh6+  1-0

[Event "Agneaux St Lo op"]
[Site "Agneaux"]
[Date "1999.??.??"]
[Round "5"]
[White "Berkes, Ferenc"]
[Black "Georgiev, Krum"]
[Result "1-0"]
[WhiteElo "2345"]
[BlackElo "2490"]

1.d4 Nf6 2.Bg5 c5 3.e3 Qa5+ 4.Nc3 e6 5.Bxf6 gxf6 6.Qh5 d5 7.O-O-O Nc6 8.f4 c4
9.f5 Bb4 10.Nge2 exf5 11.g4 Ne7 12.a3 Bd6 13.e4 fxg4 14.Bg2 Rg8 15.e5 Rg5
16.Qh4 Ng6 17.Qxh7 fxe5 18.Bxd5 Rf5 19.Ng3 Rf4 20.Rhf1 exd4 21.Bxf7+ Kd8
22.Qxg6  1-0

[Event "Bad Woerishofen op"]
[Site "Bad Woerishofen"]
[Date "1999.??.??"]
[Round "5"]
[White "Vatter, Hans Joachim"]
[Black "Mahn, Franko"]
[Result "1-0"]
[WhiteElo "2412"]
[BlackElo "2191"]

1.d4 Nf6 2.Bg5 c5 3.Bxf6 exf6 4.c3 Qb6 5.Qd2 d5 6.e3 Nc6 7.Nf3 c4 8.Qc1 Be6
9.Nbd2 f5 10.b3 Na5 11.bxc4 dxc4 12.Qc2 Bd6 13.Be2 O-O 14.Ng5 Be7 15.Nxe6 fxe6
16.Rb1 Qc7 17.f4 a6 18.O-O Rab8 19.e4 b5 20.Kh1 Kh8 21.e5 Qd7 22.Rfd1 Ba3
23.Nf1 Nc6 24.Ne3 Ne7 25.Bf3 Nd5 26.Bxd5 exd5 27.Qe2 g6 28.Qf3 Rbd8 29.h3 Be7
30.Rf1 a5 31.g4 b4 32.gxf5 gxf5 33.Rg1 Qe6 34.Rg2 Rf7 35.Rbg1 b3 36.Nxd5 bxa2
37.Ne3 Rb8 38.Rxa2  1-0

[Event "ATL-ch"]
[Site "Barranquilla"]
[Date "1999.??.??"]
[Round "7"]
[White "Diaz, Aleksei"]
[Black "Fajardo, Carlos Emilio"]
[Result "1-0"]
[WhiteElo "2020"]
[BlackElo "2020"]

1.d4 Nf6 2.Bg5 d5 3.Nd2 Nbd7 4.e3 e6 5.c4 Be7 6.Ngf3 O-O 7.cxd5 exd5 8.Qc2 Re8
9.Bd3 c6 10.O-O h6 11.Bf4 Nh5 12.Be5 Bf8 13.Rab1 Nxe5 14.Nxe5 Nf6 15.h3 Be6
16.b4 Rc8 17.f4 Rc7 18.Kh2 a5 19.a3 axb4 20.axb4 Bd6 21.Qb2 Qe7 22.Rg1 Bxe5
23.dxe5 Ng4+ 24.Kg3 Nxe3 25.Rbe1 Nf5+ 26.Kh2 Qh4 27.g3 Qd8 28.g4 Ne7 29.f5 Bc8
30.Qd4 c5 31.bxc5 Nc6 32.Qf4 Rce7 33.Nf3 Qc7 34.g5 Nxe5 35.Kh1 Nxf3 36.Qxc7 Nxe1
37.Qd6 Nxd3 38.gxh6 Re1 39.Qg3 Rxg1+ 40.Kxg1 g6 41.fxg6 Re1+ 42.Kg2 Bxh3+
43.Kxh3 Rh1+ 44.Kg2 Rxh6 45.gxf7+ Kxf7 46.Qxd3 Rg6+ 47.Kf3 Rf6+ 48.Ke3 Ke6
49.Qb5 Rf7 50.Qb6+ Kf5 51.Qd6 Rg7 52.Qxd5+ Kf6 53.Kf4 Re7 54.Qd6+ Re6  1-0

[Event "ATL-ch"]
[Site "Barranquilla"]
[Date "1999.??.??"]
[Round "8"]
[White "Cayon, Rafael"]
[Black "Melgosa, Marcio"]
[Result "1-0"]
[WhiteElo "2005"]
[BlackElo "2245"]

1.d4 Nf6 2.Bg5 c5 3.Nf3 cxd4 4.Bxf6 gxf6 5.Nxd4 d5 6.e3 e5 7.Bb5+ Nd7 8.Nb3 a6
9.Be2 Nc5 10.O-O Be6 11.Nc3 Qd7 12.f4 Nxb3 13.axb3 Rd8 14.fxe5 fxe5 15.e4 dxe4
16.Qxd7+ Kxd7 17.Nxe4 Ke7 18.Bd3 Bxb3 19.Bxa6 Bxc2 20.Bxb7 Bh6 21.Nc3 Bb3
22.Rae1 f6 23.Ne4 Rhf8 24.Ng3 Bd2 25.Re4 Rb8 26.Re2 Bc4 27.Nf5+ Ke6 28.Rxd2 Bxf1
29.Be4 Bb5 30.Rd6+ Kf7 31.Bd5+ Kg6 32.Be4 Kf7 33.Bd5+ Ke8 34.Ng7+ Ke7 35.Nf5+ Ke8
36.Re6+ Kd8 37.Rd6+ Kc7 38.Re6 Rfd8 39.Bf3 Bd3 40.Rc6+ Kd7 41.Ng7 e4 42.Rc3 exf3
43.Rxd3+  1-0

[Event "ATL-ch"]
[Site "Barranquilla"]
[Date "1999.??.??"]
[Round "9"]
[White "Diaz, Aleksei"]
[Black "Orozco, Osvaldo"]
[Result "1/2-1/2"]
[WhiteElo "2020"]
[BlackElo "2105"]

1.d4 Nf6 2.Bg5 g6 3.Bxf6 exf6 4.e3 f5 5.h4 Bg7 6.Bd3 d6 7.Nd2 Nd7 8.Ne2 Qe7
9.Nf4 c6 10.c3 Nf6 11.Qc2 h5 12.Bc4 d5 13.Bd3 Ng4 14.Kf1 O-O 15.g3 b6 16.c4 Bb7
17.cxd5 cxd5 18.Kg2 Rac8 19.Qb3 Rfe8 20.Nf3 Qd6 21.Rac1 a6 22.Be2 b5 23.Nd2 Rc4
24.Bf3 Rb4 25.Qa3 Bf8 26.b3 Nxe3+ 27.fxe3 Rxe3 28.Kf2 Re8 29.Nd3 Rxd4 30.Qxd6 Bxd6
31.Be2 f4 32.gxf4 Bxf4 33.Rc2 Be3+ 34.Kf1 Bc8 35.Nf3 Rde4 36.Ng5 R4e7 37.Nb4 Bf5
38.Bd3 Bxd3+ 39.Nxd3 d4 40.Rhh2 Kg7 41.Nf3 Re4 42.Rc6 R4e6 43.Rxe6 Rxe6 44.Rc2 Rf6
45.Kg2 Rf5 46.Rc6 a5 47.Ra6 b4 48.Rd6 Rf6 49.Rd5 Ra6 50.Nfe5 a4 51.Nxb4 Rb6
52.Ned3 axb3 53.axb3 f6 54.Rc5 Bd2 55.Rc4 Bc3 56.Rc7+ Kh6 57.Rc6 Rb7 58.Rc4 g5  1/2-1/2

[Event "Oberliga Bayern9899"]
[Site "Bayern"]
[Date "1999.??.??"]
[Round "?"]
[White "Trescher, Manfred"]
[Black "Saathoff, Richard"]
[Result "1-0"]
[WhiteElo "2195"]
[BlackElo "2170"]

1.d4 Nf6 2.Bg5 c5 3.Bxf6 gxf6 4.c3 Qb6 5.Qd2 cxd4 6.cxd4 Nc6 7.e3 Rg8 8.Nc3 d6
9.O-O-O Bd7 10.Kb1 Rc8 11.Rc1 Qa5 12.Nf3 h5 13.Ne1 Bh6 14.f4 Nb4 15.a3 Nd5
16.Bd3 Bc6 17.Rf1 f5 18.Qe2 Nf6 19.Nf3 e6 20.g3 d5 21.Ne5 Ke7 22.Na2 Bd7
23.Nb4 Rxc1+ 24.Rxc1 Qb6 25.Rc5 a5 26.Nxd7 Nxd7 27.Rb5 Qc7 28.Nc2 h4 29.Qe1 hxg3
30.hxg3 b6 31.a4 Bf8 32.Rb3 Bg7 33.Na3 Rc8 34.Nb5 Qb8 35.g4 fxg4 36.Qh4+ Bf6
37.Qxg4 Rg8 38.Qd1 Rg3 39.Qc1 Qg8 40.Ka2 Rg1 41.Qc7 Qb8 42.Qxb8 Nxb8 43.Na3 Nc6
44.Nc2 Rg2 45.Rxb6 Rxc2 46.Bxc2 Nb4+ 47.Kb3 Bh4 48.Rb7+ Kf6 49.Rb5 Nc6 50.Rc5  1-0

[Event "Landesliga Sued 9899"]
[Site "Bayern"]
[Date "1999.??.??"]
[Round "?"]
[White "Hahn, Christoph"]
[Black "Keller, Markus"]
[Result "1-0"]
[WhiteElo "2110"]
[BlackElo "2010"]

1.d4 Nf6 2.Bg5 g6 3.e3 Bg7 4.Bd3 d6 5.Nd2 Nc6 6.c3 a6 7.f4 b5 8.Ngf3 Bb7
9.Qe2 Nb8 10.e4 Qc8 11.e5 Nd5 12.c4 h6 13.cxd5 hxg5 14.Nxg5 Bxd5 15.Nde4 Qd7
16.Nc3 Be6 17.d5 Bf5 18.Nxf7 Kxf7 19.e6+ Bxe6 20.Bxg6+ Kxg6 21.dxe6 Bxc3+
22.bxc3 Qe8 23.Qe4+ Kf6 24.Qxa8 c6 25.Qa7 Qg6 26.Qd4+  1-0

[Event "Landesliga Nord 9899"]
[Site "Bayern"]
[Date "1999.??.??"]
[Round "?"]
[White "Stoessel, Horst"]
[Black "Polzer, Hans"]
[Result "1/2-1/2"]
[WhiteElo "1970"]
[BlackElo "2105"]

1.d4 Nf6 2.Bg5 g6 3.Bxf6 exf6 4.Nf3 Bg7 5.e3 O-O 6.Bd3 d5 7.Nbd2 f5 8.c3 Qe7
9.O-O Nd7 10.Qb3 c6 11.Rfe1 Nf6 12.a4 Ne4 13.Nf1 Re8 14.a5 g5 15.N3d2 Be6
16.f3 Nxd2 17.Nxd2 c5 18.Qc2 f4  1/2-1/2

[Event "Landesliga Sued 9899"]
[Site "Bayern"]
[Date "1999.??.??"]
[Round "?"]
[White "Boehm, Uwe"]
[Black "Wolfsteiner, Helmut"]
[Result "1/2-1/2"]
[WhiteElo "2230"]
[BlackElo "2195"]

1.d4 Nf6 2.Bg5 d5 3.Bxf6 exf6 4.e3 Bd6 5.Bd3 f5 6.Qf3 Qd7 7.Nd2 c6 8.Ne2 Na6
9.c3 Nc7 10.h4 h5 11.O-O-O Kf8 12.c4 g6 13.Kb1 Kg7 14.Rc1 Bb4 15.Rhd1 Qe7
16.g3 Bxd2 17.Rxd2 dxc4 18.Bxc4 Be6 19.Bxe6 Nxe6 20.Nf4 Nxf4 21.Qxf4 Rad8
22.Rdc2 Rd5 23.Rc5  1/2-1/2

[Event "Regionalliga NW9899"]
[Site "Bayern"]
[Date "1999.??.??"]
[Round "?"]
[White "Graef, Harald"]
[Black "Wolf, Richard"]
[Result "1/2-1/2"]
[WhiteElo "2155"]
[BlackElo "2190"]

1.d4 Nf6 2.Bg5 g6 3.Bxf6 exf6 4.e3 f5 5.c4 Bg7 6.Nc3 d6 7.g3 O-O 8.Bg2 Nd7
9.Nge2 Re8 10.O-O c6 11.b4 Nf6 12.Qd3 Bd7 13.Rfd1 Qc7 14.Rac1 Rac8 15.b5 Ne4
16.bxc6 bxc6 17.Nxe4 fxe4 18.Qa3 Bg4 19.Rd2 Bxe2 20.Rxe2 c5  1/2-1/2

[Event "Regionalliga SO9899"]
[Site "Bayern"]
[Date "1999.??.??"]
[Round "?"]
[White "Kunze, Holger"]
[Black "Nowak, Marco"]
[Result "0-1"]
[WhiteElo "2090"]
[BlackElo "1950"]

1.d4 Nf6 2.Bg5 g6 3.Bxf6 exf6 4.e3 Bg7 5.c4 O-O 6.Nc3 d6 7.g3 c6 8.Bg2 Re8
9.Nge2 Bg4 10.O-O Bxe2 11.Qxe2 f5 12.Qd3 Nd7 13.b4 Qc7 14.Rab1 Nf6 15.d5 cxd5
16.Nxd5 Nxd5 17.Bxd5 Rad8 18.h4 b6 19.Kg2 Qe7 20.Bc6 Rf8 21.Rfd1 Bf6 22.Rb3 Rc8
23.Bd5 Kg7 24.Ra3 Rc7 25.Rd2 Rfc8 26.Ra6 Rd8 27.a4 Rb8 28.Qa3 Qe5 29.b5 Rd8
30.a5 Qc3 31.Ra2 Qxa3 32.Rxa3 bxa5 33.R3xa5 Rdd7 34.Ra3 h6 35.Kf3 Kh7 36.Ke2 Bg7
37.Rd3 Bf8 38.Bc6 Re7 39.Rxd6 Rxe3+ 40.Kxe3 Bxd6 41.Kd4 Re7 42.c5 Be5+ 43.Kd5 Bb8
44.Ra2 h5 45.b6 axb6 46.cxb6 f4 47.gxf4 Bxf4 48.Ra7 Re5+ 49.Kd4 Kg7 50.Bd5 Rf5
51.Rd7 Bh2 52.Ke3 Bg1 53.Bf3 Re5+ 54.Kf4 Bh2+  0-1

[Event "Regionalliga NW9899"]
[Site "Bayern"]
[Date "1999.??.??"]
[Round "?"]
[White "Saring, Christoph"]
[Black "Kuhn, Norbert"]
[Result "1/2-1/2"]
[WhiteElo "2045"]
[BlackElo "2045"]

1.d4 Nf6 2.Bg5 d5 3.e3 e6 4.f4 c5 5.Nf3 Nc6 6.c3 Bd6 7.Ne5 Qb6 8.b3 Ne4 9.Nxc6 bxc6
10.Bd3 cxd4 11.Bxe4 dxe4 12.Qxd4 Qxd4 13.cxd4 Ba6 14.Kf2 f6 15.Bh4 e5 16.Nd2 Bd3
17.Nc4 Bc7 18.dxe5 fxe5 19.Nxe5 Bxe5 20.fxe5 Kd7 21.Rhc1 Rhf8+ 22.Kg1 Rae8
23.Bg3 g5 24.Rc5 Re6 25.h4 h6 26.Rd1 Rf5 27.hxg5 hxg5 28.Ra5 Re8 29.Rxa7+ Ke6
30.Rc1 Rc8 31.Rg7 c5 32.Rg6+ Ke7 33.Rg7+ Ke6 34.Rg6+ Ke7 35.Rh6 c4 36.bxc4 Rxc4
37.Rxc4 Bxc4 38.Rh7+ Ke6 39.Ra7 Rf1+ 40.Kh2 Ra1 41.Ra4 Bd3 42.Ra5 Bc4 43.Rc5 Bd5
44.Rb5 Rxa2 45.Rb6+ Kf7 46.Rf6+ Kg7 47.Rd6 Bc4 48.Be1  1/2-1/2

[Event "Regionalliga SW9899"]
[Site "Bayern"]
[Date "1999.??.??"]
[Round "?"]
[White "Altmann, Christoph"]
[Black "Koller, Werner"]
[Result "1/2-1/2"]
[WhiteElo "1985"]
[BlackElo "2005"]

1.d4 Nf6 2.Bg5 d5 3.Bxf6 exf6 4.e3 Bf5 5.Ne2 Bd6 6.Ng3 Bg6 7.Bd3 Nd7 8.Qg4 c6
9.Nd2 Qa5 10.Nf5 Bxf5 11.Bxf5 Nb6 12.c3 Qb5 13.b3 g6 14.Bc2 Be7 15.a4 Qa5
16.b4 Qa6 17.h4 Nc4 18.Qe2 b5 19.Nxc4 bxc4 20.h5 O-O-O 21.Kd2 Qb6 22.Rhb1 Rhe8
23.a5 Qc7 24.a6 Qb6 25.Qf3 f5 26.g4 fxg4 27.Qxg4+ f5 28.Qf3 Rf8 29.hxg6 hxg6
30.Rh1 f4 31.Qg4+ Rd7 32.Raf1 Kc7 33.Qxg6 fxe3+ 34.fxe3 Bxb4 35.Rxf8 Bxf8
36.Rh7 Rxh7 37.Qxh7+ Kd8 38.Qf7 Be7 39.Qg8+ Kc7 40.Qe6 Kd8 41.Qg8+ Kc7 42.Qe6 Ba3
43.Qf7+ Kb8 44.Qe8+ Kc7 45.Qf7+  1/2-1/2

[Event "Landesliga Nord 9899"]
[Site "Bayern"]
[Date "1999.??.??"]
[Round "?"]
[White "Murmann, Andreas"]
[Black "Hirn, Erwin"]
[Result "1/2-1/2"]
[WhiteElo "1980"]
[BlackElo "1990"]

1.d4 Nf6 2.Bg5 d5 3.c4 e6 4.Nc3 Be7 5.e3 O-O 6.cxd5 exd5 7.Bd3 c6 8.Qc2 a5
9.Bxf6 Bxf6 10.Bxh7+ Kh8 11.Bd3 Na6 12.a3 g6 13.Nge2 Kg7 14.Nf4 Qe8 15.O-O Rh8
16.g3 g5 17.Ng2 Bh3 18.Bf5 Qe7 19.Rae1 Rh6 20.f4 Rah8 21.fxg5 Bxg5 22.Bxh3 Rxh3
23.Nf4 Rxh2 24.Qxh2 Rxh2 25.Kxh2 Nc7 26.Kg2 b5 27.Re2 b4 28.axb4 axb4 29.Na4 Qe4+
30.Kf2 Bxf4 31.gxf4 Ne6 32.Ke1 Qb1+ 33.Kf2 Qa2 34.Nc5 Nxc5 35.dxc5 Qc4 36.Rg1+ Kf6
37.Rg5 Qxc5 38.Kf3 Qc1 39.Rh2 Qd1+ 40.Re2 Qf1+  1/2-1/2

[Event "Landesliga Sued 9899"]
[Site "Bayern"]
[Date "1999.??.??"]
[Round "?"]
[White "Boehm, Uwe"]
[Black "Hock, Martin"]
[Result "1/2-1/2"]
[WhiteElo "2230"]
[BlackElo "2135"]

1.d4 Nf6 2.Bg5 d5 3.Nf3 e6 4.e3 c5 5.c3 Qb6 6.Qc1 Ne4 7.Bf4 Bd6 8.Bxd6 Qxd6
9.Nbd2 Nxd2 10.Qxd2 Nc6 11.Bb5 O-O 12.O-O Bd7 13.Rfe1 a6 14.Bxc6 Bxc6 15.Ne5 Rfd8  1/2-1/2

[Event "Budapest FS08 Elo"]
[Site "Budapest"]
[Date "1999.??.??"]
[Round "4"]
[White "Mihok, Laszlo"]
[Black "Hoenig, Alexander"]
[Result "1/2-1/2"]
[WhiteElo "2185"]
[BlackElo "2245"]

1.d4 Nf6 2.Bg5 d5 3.e3 Ne4 4.Bf4 c6 5.f3 Nd6 6.Bd3 Qb6 7.b3 g6 8.Be5 f6 9.Bxd6 exd6
10.Nc3 Be6 11.Nge2 Bh6 12.Qd2 Nd7 13.Na4 Qc7 14.O-O O-O 15.Nf4 Bf7 16.c4 dxc4
17.bxc4 Rfe8 18.Rfe1 Re7 19.Nc3 Rae8 20.g3 Kg7 21.Rac1 Qa5 22.Kf2 Nf8 23.Qb2 Ne6
24.Nxe6+ Bxe6 25.Ne4 Qh5 26.h4 d5 27.Nd6 Rg8 28.f4 g5 29.Be2 g4 30.Qa3 Rd7
31.Bd3 dxc4 32.Bxc4 Bxc4 33.Nxc4 Qd5 34.Nd2 b6 35.Qb3 Re8 36.Qxd5 cxd5 37.Rc6 Kf7
38.Rec1 Bf8 39.Nb1 Bb4 40.Nc3 Re6 41.Nb5 Bd2 42.Rxe6 Bxc1 43.f5 Re7 44.Nd6+ Kf8
45.Rxe7 Kxe7 46.Nc8+ Kd7 47.Nxa7 Bd2 48.Ke2 Bb4 49.h5 Bd6 50.Kf2 Bb4 51.Nb5 Kc6
52.a4 Kd7 53.e4 dxe4 54.Ke3 Be1 55.Kf4 Kc6 56.Kxe4 Bxg3 57.Nc3 Be1 58.Ne2 g3
59.Nf4 Bf2 60.Kf3  1/2-1/2

[Event "Budapest FS08 Elo"]
[Site "Budapest"]
[Date "1999.??.??"]
[Round "7"]
[White "Mihok, Laszlo"]
[Black "Sardo, G."]
[Result "0-1"]
[WhiteElo "2185"]
[BlackElo "2140"]

1.d4 Nf6 2.Bg5 c5 3.Bxf6 gxf6 4.d5 Qb6 5.Qc1 e5 6.c4 d6 7.Nc3 f5 8.f4 e4
9.Nh3 Bg7 10.Nf2 h5 11.g3 Nd7 12.Nfd1 Nf6 13.h3 Bd7 14.Rb1 a6 15.Qe3 Qa5
16.Qd2 Qb4 17.e3 Qb6 18.Nf2 Qc7 19.Be2 Rb8 20.a4 Qb6 21.b3 Ke7 22.Rg1 Qb4
23.Na2 Qxd2+ 24.Kxd2 b5 25.Nc3 bxa4 26.Nxa4 Rb4 27.Nc3 Rhb8 28.Kc2 a5 29.Rgc1 Ra8
30.Nfd1 h4 31.gxh4 Rh8 32.Nf2 Rxh4 33.Rg1 Ne8 34.Rg5 Bf6 35.Rgg1 a4 36.bxa4 Bxa4+
37.Nxa4 Rxa4 38.Rb7+ Kf8 39.Kb3 Ra1 40.Rxa1 Bxa1 41.Kc2 Rh6 42.Rb1 Bf6 43.Rg1 Bh4
44.Nd1 Ke7 45.Kd2 Kf6 46.Nc3 Rg6 47.Rxg6+ fxg6 48.Nb5 Bg3 49.Nc3 g5 50.fxg5+ Kxg5
51.Bf1 Kh4 52.Ne2 Be5 53.Ke1 Nf6 54.Kf2 Nh7 55.Kg2 Ng5 56.Ng1 Bf6 57.Ne2 Be5
58.Ng1 Bb2 59.Kf2 Bc1 60.Ne2 Bd2 61.Nf4 Nf3 62.Bg2 Ne5 63.Bf1 Nd7 64.Ng6+ Kg5
65.Nf4 Nb8 66.Ne6+ Kf6 67.h4  0-1

[Event "Budapest FS07 Elo"]
[Site "Budapest"]
[Date "1999.??.??"]
[Round "9"]
[White "Chapu, Laurent"]
[Black "Balogh, Viktor"]
[Result "1-0"]
[WhiteElo "2050"]
[BlackElo "2155"]

1.d4 Nf6 2.Bg5 d5 3.Bxf6 gxf6 4.c4 dxc4 5.e4 c5 6.d5 Bg7 7.Bxc4 f5 8.Nc3 fxe4
9.Nge2 Nd7 10.O-O Nf6 11.Qc2 Bf5 12.Ng3 Bg6 13.Qa4+ Nd7 14.Ngxe4 O-O 15.Qb3 b6
16.f4 Bf5 17.Ng3 e6 18.dxe6 Bxe6 19.Bxe6 fxe6 20.Qxe6+ Rf7 21.Nge4 Qe7 22.Qd5 Rd8
23.Nd6 Bd4+ 24.Kh1 Nf6 25.Qxf7+ Qxf7 26.Nxf7 Kxf7 27.Rad1 Ng4 28.Rd2 Re8
29.Nd1 h5 30.h3 Nf6 31.Kh2 h4 32.Nc3 Nh5 33.Nb5 Be3 34.Nd6+ Kf8 35.Nxe8 Bxd2
36.Nc7 Bxf4+ 37.Kg1 Kg8 38.Nd5 Be5 39.Ne7+ Kg7 40.Nf5+ Kh7 41.b3 Bf6 42.Rf3 Kg6
43.Kf1 Kg5 44.Ke1 Be5 45.Ne7 Bg3+ 46.Kf1 Bf4 47.Nd5 Ng3+ 48.Ke1 Nh5 49.Ke2 Ng3+
50.Kd3 Nh5 51.Kc4 Kf5 52.Kb5 Ke4 53.Nc3+ Kd4 54.Ne2+ Ke4 55.Ka6  1-0

[Event "Budapest FS08 Elo"]
[Site "Budapest"]
[Date "1999.??.??"]
[Round "9"]
[White "Mihok, Laszlo"]
[Black "Levi, N."]
[Result "1-0"]
[WhiteElo "2185"]
[BlackElo "2090"]

1.d4 d5 2.Bg5 Nf6 3.e3 Bf5 4.Bxf6 exf6 5.Nf3 Bd6 6.Bd3 Bg4 7.Nbd2 O-O 8.h3 Bxf3
9.Qxf3 c6 10.O-O Re8 11.c4 dxc4 12.Nxc4 Bc7 13.Rfd1 Qd5 14.Qxd5 cxd5 15.Nd2 Nd7
16.Rac1 Bb6 17.Nb1 Nf8 18.Nc3 Red8 19.Na4 Rac8 20.Be2 Ng6 21.Nxb6 axb6 22.Kf1 Kf8
23.Ke1 Rc6 24.Bb5 Rcc8 25.g4 Ke7 26.Ke2 Kd6 27.Rc3 Rxc3 28.bxc3 Nf8 29.c4 Ra8
30.Rd2 Ne6 31.cxd5 Ng5 32.f3 Kxd5 33.h4 Ne6 34.Rc2 Kd6 35.Bc4 Nd8 36.Kd3 Nc6
37.Rb2 Kc7 38.Bxf7 h6 39.h5 Kd6 40.f4 Kc7 41.Rd2 Nb4+ 42.Ke4 Rc8 43.Kf3 Kd6
44.e4 Nc6 45.e5+ fxe5 46.fxe5+ Kd7 47.Ke4 b5 48.Rf2 Rd8 49.d5  1-0

[Event "Radulescu Memorial"]
[Site "Calimanesti"]
[Date "1999.??.??"]
[Round "3"]
[White "Solak, Dragan"]
[Black "Romcovici, Victor"]
[Result "0-1"]
[WhiteElo "2460"]
[BlackElo "2275"]

1.d4 Nf6 2.Bg5 c5 3.d5 Qb6 4.Nc3 Qxb2 5.Bd2 Qb6 6.e4 d6 7.f4 Qc7 8.Nf3 Bg4
9.h3 Bxf3 10.Qxf3 a6 11.a4 g6 12.Bc4 Nbd7 13.a5 Bg7 14.O-O O-O 15.Na4 Rae8
16.Rab1 e6 17.dxe6 fxe6 18.e5 dxe5 19.Rxb7 Qd6 20.Qd3 Qc6 21.Bxa6 exf4 22.Nb6 Ne5
23.Qe2 Qd6 24.Rxg7+ Kxg7 25.Bc3 Nc6 26.Nc4 Qd5 27.Rxf4 Nd4 28.Qe5 Ra8 29.Bxd4 cxd4
30.Bb5 Qxe5 31.Nxe5 Rxa5  0-1

[Event "Cannes"]
[Site "Cannes"]
[Date "1999.??.??"]
[Round "1"]
[White "Picarda, Laurent"]
[Black "Ruffenach, Alain"]
[Result "1/2-1/2"]
[WhiteElo "2136"]
[BlackElo "2154"]

1.d4 Nf6 2.Bg5 g6 3.Nc3 Bg7 4.e4 c6 5.Nf3 d6 6.Qd2 Bg4 7.Be2 h6 8.Be3 Na6
9.O-O Nc7 10.Ne1 Bxe2 11.Qxe2 O-O 12.f4 e6 13.Rd1 Qe7 14.Nd3 Rfe8 15.Kh1 b5
16.Bg1 a5 17.Qf3 b4 18.Na4 Nd7 19.c4 bxc3 20.bxc3 Nb5 21.e5 d5 22.Ndc5 Nxc5
23.dxc5 f5 24.Nb6 Ra7 25.Rb1 g5 26.a4 Nc7 27.fxg5 hxg5 28.Bd4 g4 29.Qe3 Qh4
30.g3 Qh5 31.Nd7 Kf7 32.Nb8 Rh8 33.Rf2 Bh6 34.Qe2 Ne8 35.Nxc6 Rc7 36.Rb7 Rxb7
37.Nd8+ Kg8 38.Nxb7 Qg5 39.Nd6 Nc7 40.Qb2 Bf8 41.Rf4 Qh5 42.Rf2 Qh3 43.Rg2 Rh7
44.c6 Qh6 45.Qd2 Qg6 46.Be3 Ne8 47.Nb5 Qg7 48.Bf4 Qe7 49.Qe3 Qd8 50.Rd2 Qa8
51.Qb6 Qc8 52.Nd6 Qa8 53.Nxe8 Qxe8 54.c7 Qc8 55.c4 Rxc7 56.cxd5 Rc1+ 57.Kg2 exd5
58.Qg6+ Bg7 59.e6 d4 60.Qf7+ Kh7 61.Qh5+  1/2-1/2

[Event "Cannes"]
[Site "Cannes"]
[Date "1999.??.??"]
[Round "1"]
[White "Vasilev, Milen"]
[Black "Zanin, Dario"]
[Result "1/2-1/2"]
[WhiteElo "2312"]
[BlackElo "2027"]

1.d4 Nf6 2.Bg5 g6 3.Bxf6 exf6 4.g3 Bg7 5.Bg2 O-O 6.e3 d5 7.Ne2 Bf5 8.Nd2 c6
9.O-O Na6 10.a3 Nc7 11.Rc1 Qd7 12.Re1 Bh6 13.c4 dxc4 14.Nxc4 Bh3 15.Bh1 Nd5
16.Nc3 Rac8 17.Qf3 Nxc3 18.Rxc3 Kg7 19.Na5 Bg4 20.Qg2 Bh3 21.Qe4 Bf5 22.Qg2  1/2-1/2